=LDR 00000nam 2200000 4500 =001 INLIS000000000024875 =005 20201214022514 =035 ##$$a 0010-061300000024875 =008 201214################g##########0#ind## =041 ##$$a ind =082 ##$$a 330.9 =090 ##$$a 633.108, Geo g =245 ##$$a Geografi Pedesaan, Masalah Pengembangan Pangan, =260 ##$$a Jakarta :$b Yayasan obor Indonesia,$c 1986 =300 ##$$a 313 hlm., ilus., 21 cm : $b ilus ; $c 21x14 cm =650 #4$$a Geografi Pedesaan =700 #$$a Penyunting, Jurgen H.Hohnholz =850 ##$$a NBPNMAT =084 ##$$a 330.9 GEO =250 ##$$a cet.1 =990 ##$$a 30.304/PRO.91 =990 ##$$a 0001/BPAP-NTB/20142015 =990 ##$$a 0001/BPAP-NTB/2015 =990 ##$$a 00090007 =990 ##$$a 30.304/PRO.91 =990 ##$$a 30.304/PRO.91 =990 ##$$a 00090007